00735nam a2200229Ia 4500001000700000003000500007008004100012010001100053020001800064040000900082082001600091100004700107245011600154260006500270440001700335503002600352504002100378650001200399650002400411700002500435710004500460Z_6496CHAP220113s1997 xx 000 0 und d a169761 a968-884-446-2 cCHAP a868 R63 L63 aRodríguez Cortés, Rosa María, 1959 - aLo común y lo raro : (cuentos) /cRosa María Rodríguez Cortés; ilustración de portada Patricia Tapia aMéxico :bUACh, Dirección de Difusión Cultural,c1997 a(Literatura) aej.1: donación 2014 aIncluye índice aCuentos aLiteratura mexicana aTapia, Patricia, il. aUACh. Dirección de Difusión Cultural